Pratique des études de marché outils du diagnostic marketing
Enregistré dans:
| Auteur principal: | |
|---|---|
| Format: | Livre |
| Langue: | français |
| Publié: |
Paris
Economica
2007
|
| Collection: | Le management en pratique
|
| Sujets: | |
| Tags: |
Pas de tags, Soyez le premier à ajouter un tag!
|
MARC
| LEADER | 00000nam a2200000 4500 | ||
|---|---|---|---|
| 001 | 0235032 | ||
| 005 | 20240226124502.8 | ||
| 020 | |a 978-2-7178-5331-5 | ||
| 041 | 0 | |a fre | |
| 044 | |a FR | ||
| 245 | 1 | 0 | |a Pratique des études de marché |b outils du diagnostic marketing |c Philippe Aurier |
| 264 | 1 | |a Paris |b Economica |c 2007 | |
| 300 | |a 201 s. | ||
| 490 | 1 | |a Le management en pratique | |
| 830 | 0 | |a Le management en pratique | |
| 610 | 2 | 0 | |a prieskum trhu |
| 610 | 2 | 0 | |a marketing |
| 610 | 2 | 0 | |a manažment produktový |
| 610 | 2 | 0 | |a manažment značky |
| 100 | 1 | |a Aurier, Philippe | |